Giáo trình lý luận dạy học: Chương trình bồi dưỡng nghiệp vụ sư phạm bậc I

Giáo trình gồm 7 chương cung cấp cho người học những kiến thức và kỹ năng cơ bản có chọn lọc của bộ môn lý luận dạy học với những đặc trưng của giáo dục nghề nghiệp như; nội dung cơ bản về mục tiêu đào tạo, quá trình đào tạo, đặc điê...

Fuld beskrivelse

Đã lưu trong:
Bibliografiske detaljer
Hovedforfatter: Đỗ, Ngọc Thanh
Institution som forfatter: Sở Giáo dục và Đào tạo Hà Nội
Format: Bog
Sprog:Undetermined
Udgivet: Hà Nội Hà Nội 2006
Fag:
Tags: Tilføj Tag
Ingen Tags, Vær først til at tagge denne postø!
Thư viện lưu trữ: Trung tâm Học liệu Trường Đại học Cần Thơ
LEADER 01255nam a2200229Ia 4500
001 CTU_118577
008 210402s9999 xx 000 0 und d
020 |c 17000 
082 |a 371.3 
082 |b Th107 
100 |a Đỗ, Ngọc Thanh 
110 |a Sở Giáo dục và Đào tạo Hà Nội 
245 0 |a Giáo trình lý luận dạy học: 
245 0 |b Chương trình bồi dưỡng nghiệp vụ sư phạm bậc I 
245 0 |c Đỗ Ngọc Thanh, Bùi Tất Thơn 
260 |a Hà Nội 
260 |b Hà Nội 
260 |c 2006 
520 |a Giáo trình gồm 7 chương cung cấp cho người học những kiến thức và kỹ năng cơ bản có chọn lọc của bộ môn lý luận dạy học với những đặc trưng của giáo dục nghề nghiệp như; nội dung cơ bản về mục tiêu đào tạo, quá trình đào tạo, đặc điểm, bản chất, mục tiêu và nhiệm vụ của quá trình dạy học trong lĩnh vực giáo dục nghề nghiệp..... 
650 |a Education, higher,Educational planning 
904 |i Năm 
980 |a Trung tâm Học liệu Trường Đại học Cần Thơ